000 01252nmc a2200421 a 4500
003 AR-BaBNM
005 20251128203905.0
008 015119s1980 ||||||||||||||000 | spa||
020 _a84-206-2033-5
040 _cAR-BaBNM
245 1 0 _aAprender a ser
_bla educación del futuro
250 _a7ª ed.
260 _aMadrid
_bAlianza Editorial
_c1980
300 0 _a426 p.
_bgráfs., tablas
490 0 _aUniversidad
_vv. 33
500 0 _aPresentación del informe por René Matheu
500 0 _aContiene 10 apéndices
500 0 _aIndice alfabético p. 407-426
650 4 _aREFORMA DE LA EDUCACION
650 4 _aEDUCACION Y DESARROLLO
650 4 _aFINALIDADES DE LA EDUCACION
650 4 _aDEMOCRATIZACION DE LA EDUCACION
650 4 _aENSENANZA INDIVIDUALIZADA
650 4 _aANALFABETISMO
650 4 _aPOLITICA EDUCATIVA
653 _aMODELOS EDUCATIVOS
653 _aESTRATEGIAS EDUCATIVAS
653 _aPROCESO DE ENSENANZA-APRENDIZAJE
700 1 _aFaure, Edgar
700 1 _aHerrera, Felipe
700 1 _aKadoura, Abdul-Razzak
700 1 _aLopes, Henri
700 1 _aPétrovski, Arthur V.
700 1 _aRahnema, Majid
700 1 _aParedes de Castro, Carmen
_etraductor
942 _cBK
998 _cCarmen
999 _c5358
_d5358